[Event "Olympiad Women 2024"]
[Site "Budapest HUN"]
[Date "2024.09.21"]
[Round "10.34"]
[Board "4"]
[White "Guerrero Caicedo, Arlette"]
[Black "Almanzar Vasquez, Jeniffer Maria"]
[Result "1-0"]
[WhiteElo "1868"]
[BlackElo "1876"]
[PlyCount "71"]
[EventDate "2024.09.11"]
[WhiteTeam "Ecuador"]
[BlackTeam "Dominican Republic"]
[WhiteTeamCountry "ECU"]
[BlackTeamCountry "DOM"]

1. Nf3 {Meulders,Richard} Nf6 2. d4 d5 3. g3 e6 4. Bg2 Be7 5. O-O O-O 6. c4 Ne4 7. Nc3 f5 8. Qc2 c6 9. Rb1 a5 ({RR} 9... Nd7 10. Rd1 ({RR} 10. b4 a6 11. a4 Bf6 12. Rd1 Nd6 13. cxd5 cxd5 14. a5 Kh8 15. Na4 Nc4 16. Nd2 b5 17. axb6 Ndxb6 18. Nxc4 Nxc4 19. Nc5 Bd7 20. Ra1 Qc8 21. Bf4 Bb5 22. Qc1 Bd8 23. h4 Kg8 24. h5 h6) 10... Nxc3 ({RR} 10... a6 11. Ne1 b5 12. cxd5 cxd5 13. Nxe4 fxe4 14. f3 Bb7 15. fxe4 Rc8 16. Qb3 dxe4 17. Qxe6+ Kh8 18. Bf4 Nf6 19. Rbc1 Rxc1 20. Bxc1 Bb4 21. Nc2 Ba5 22. Bf4 Nd5 23. Be5 Nf6 24. Ne3 Re8 25. Qd6) 11. Qxc3 b5 12. b3 a5 13. Be3 ({RR} 13. Bf4) ({RR} 13. cxb5) 13... b4 14. Qc2 Ba6 15. Rbc1 Bf6 16. Bf4 Qe7 17. Qd2 Rac8 ({RR} 17... dxc4 18. bxc4 Nb6 19. c5 Nc4) 18. cxd5 exd5 ({RR} 18... cxd5 19. Bc7) 19. Rc2 Bb5 20. Rdc1 Ra8 ({RR} 20... Rfe8) 21. h4 ({RR} 21. Rxc6 Bxc6 22. Rxc6 Rac8 23. Ng5 Rxc6 24. Bxd5+ Kh8 25. Bxc6 h6 26. Nf3 g5 27. Be3) 21... Rfe8 ({RR} 21... h6) 22. e3 Ra6 23. Bg5 Bxg5 24. hxg5 {1-0 Tomashevsky,E (2722)-Rombaldoni,A (2530) EU-chT (Men) 19th 2013 (5.6)} {RR} Rb8 25. Bf1 Bxf1 26. Kxf1 Rbb6) 10. a3 Nxc3 $146 ({RR} 10... Na6 11. Ne5 Bd7 12. c5 Nxc3 13. Qxc3 Be8 14. b4 axb4 15. axb4 Nc7 16. f3 Nb5 17. Qd3 Bf6 18. Bb2 Bh5 19. Qb3 Qc7 20. e4 fxe4 21. fxe4 Nxd4 22. Bxd4 Bxe5 23. Qc3 Bxd4+ 24. Qxd4 e5 25. Qb2 {0-1 Singher,J (1715)-Zalys,I (1980) Montreal Pere Noel 1986 (5)}) ({RR} 10... Nd7 11. b4 axb4 12. axb4 Nd6 13. Nd2 b5 14. cxd5 cxd5 15. Nxd5 Bb7 16. Nxe7+ Qxe7 17. Bxb7 Nxb7 18. e4 Rfc8 19. Qd3 Nd6 20. exf5 exf5 21. Bb2 Nb6 22. Rfe1 Qf7 23. Nf3 Nbc4 24. Ne5 Qd5 25. Qf3 {0-1 Tsyhanchuk,S (2273)-Fiskaaen,M (2264) Titled Tue 10th Sep Early 2024 (9)}) ({RR} 10... Nd7 11. b4 axb4 12. axb4 Ndf6 13. Ne5 Nxc3 14. Qxc3 Ne4 15. Qc2 Bd7 16. c5 Be8 17. f3 Nf6 18. Bf4 Nd7 19. Nd3 g5 20. Be5 Nxe5 21. Nxe5 Bf6 22. f4 Bxe5 23. dxe5 gxf4 24. gxf4 Bh5 25. b5 {1-0 Doncea,V (2410)-Pisu,R (2106) Iasi op 2014 (2)}) ({RR} 10... Na6 11. Ne5 Bd6 12. Nxe4 fxe4 13. f3 c5 14. fxe4 Rxf1+ 15. Kxf1 cxd4 16. Nf3 Qf6 17. cxd5 exd5 18. Qb3 Nc7 19. exd5 Bf5 20. Bg5 Qf7 21. Re1 Be4 22. Kg1 d3 23. Be3 Qh5 24. Nd4 Bxg2 25. Kxg2 {½-½ Kopylov,M (2450)-Izrailev,A (2234) Kiel op-A 16th 2003 (5.7)}) 11. bxc3 Nd7 12. cxd5 exd5 13. c4 Nb6 14. cxd5 Nxd5 15. Ne5 Kh8 16. Nxc6 bxc6 17. Qxc6 Ra6 18. Qxd5 Qxd5 19. Bxd5 Rd6 20. Rb5 Rfd8 21. Bf3 a4 22. d5 Ba6 23. Ra5 Bc4 24. Rxa4 Bxd5 25. Bxd5 Rxd5 26. Be3 Kg8 27. Ra7 Kf8 28. Rb1 Rd1+ 29. Rxd1 Rxd1+ 30. Kg2 Ke8 31. a4 Bf6 32. a5 Ra1 33. a6 Kd8 34. Ra8+ Kc7 35. a7 f4 36. gxf4 1-0

[Event "Olympiad Women 2024"]
[Site "Budapest HUN"]
[Date "2024.09.21"]
[Round "10.35"]
[Board "1"]
[White "Antonova, Nadezhda"]
[Black "Maksimovic, Masa"]
[Result "1/2-1/2"]
[WhiteElo "1967"]
[BlackElo "2093"]
[PlyCount "140"]
[EventDate "2024.09.11"]
[WhiteTeam "Tajikistan"]
[BlackTeam "Bosnia & Herzegovina"]
[WhiteTeamCountry "TJK"]
[BlackTeamCountry "BIH"]

1. Nf3 Nf6 2. c4 g6 3. Nc3 Bg7 4. e4 d6 5. d4 O-O 6. Be2 e5 7. dxe5 dxe5 8. Qxd8 Rxd8 9. Bg5 Re8 10. Nd5 Nxd5 11. cxd5 Bf8 12. Rc1 ({RR} 12. Nd2 Nd7 13. f3 Bc5 14. Rc1 a6 15. Nc4 b6 16. Be3 a5 17. Bxc5 Nxc5 18. Na3 f5 19. Nb5 Re7 20. Bc4 Kg7 21. a3 Ba6 22. b4 axb4 23. axb4 Bxb5 24. Bxb5 Nb3 25. Rb1 Nd4 26. Bc4 fxe4 {0-1 Werner,P (1887)-Fink,C (2135) BL2-West 2122 2022 (8.8)}) 12... c6 ({RR} 12... Bd6 13. Nd2 Nd7 14. g4 Nb6 15. Bb5 Bd7 16. Bxd7 Nxd7 17. Ke2 f6 18. Be3 a6 19. f3 Kf7 20. Nc4 Ke7 21. Rc2 Rec8 22. Na5 Rcb8 23. a3 Ke8 24. h4 Kf7 25. h5 g5 26. Rhc1 b6 27. Nc4 {1-0 Torrecillas Martinez,A (2392)-Ruiz Bravo,A (2108) Hostafrancs op 3rd 2001 (6)}) 13. Bc4 Nd7 $146 ({RR} 13... Kg7 14. O-O f6 15. Be3 Bd7 16. Rfd1 c5 17. d6 b6 18. Bd5 Nc6 19. b4 Nxb4 20. Bxa8 Rxa8 21. a3 Nc6 22. Nd2 Nd4 23. Bxd4 exd4 24. Nc4 Ba4 25. Rd2 Kf7 26. g3 Bh6 27. f4 g5 28. Rf2 {1-0 Pedraza Fernandez,M (1865)-Gutierrez Curras,D (2070) Malaga-ch 2012 (3)}) 14. O-O Nc5 15. Nd2 a5 16. a3 a4 17. f3 Bd7 18. Be3 cxd5 19. Bxd5 Rac8 20. Nc4 Nb3 21. Rc3 Bb5 22. Rd1 Kg7 23. Kf2 f6 24. g3 Ba6 25. Nb6 Rxc3 26. bxc3 Bxa3 27. Nxa4 Na5 28. Nc5 Bxc5 29. Bxc5 Rc8 30. Bb6 Nc6 31. Be6 Re8 32. Rd7+ Re7 33. Rd6 Re8 34. f4 Bb5 35. Ke3 exf4+ 36. gxf4 Ra8 37. Rd7+ Kh6 38. Rxb7 Re8 39. Bd7 Ra8 40. Bxc6 Bxc6 41. Rc7 Ba4 42. Rf7 f5 43. e5 Bb3 44. Rb7 Ba2 45. Bc5 Bd5 46. Rd7 Ba2 47. Be7 Kh5 48. Bg5 Bg8 49. Rd8 Rxd8 50. Bxd8 h6 51. Kd4 Kg4 52. Kc5 Kxf4 53. Kd6 Ke4 54. e6 f4 55. Bb6 Kd3 56. Bd4 g5 57. e7 Bf7 58. Ke5 Be8 59. Kf5 Bd7+ 60. Kg6 g4 61. Be5 g3 62. hxg3 fxg3 63. Bxg3 Kxc3 64. Kxh6 Kc4 65. Kg6 Be8+ 66. Kf6 Kd5 67. Bh2 Ba4 68. Kf7 Ke4 69. Kf8 Kf5 70. Bg1 Ke4 1/2-1/2

[Event "Olympiad Women 2024"]
[Site "Budapest HUN"]
[Date "2024.09.21"]
[Round "10.35"]
[Board "2"]
[White "Babic, Milana"]
[Black "Saidova, Rukhshona"]
[Result "1-0"]
[WhiteElo "2080"]
[BlackElo "1873"]
[PlyCount "139"]
[EventDate "2024.09.11"]
[WhiteTeam "Bosnia & Herzegovina"]
[BlackTeam "Tajikistan"]
[WhiteTeamCountry "BIH"]
[BlackTeamCountry "TJK"]

1. Nf3 d5 2. b3 e6 3. Bb2 Nf6 4. c4 Be7 5. g3 O-O 6. Bg2 c5 7. O-O Nc6 8. cxd5 exd5 9. d4 Be6 10. dxc5 Bxc5 11. Nc3 ({RR} 11. Na3 a5 12. Rc1 Qb6 13. Nc2 Ne4 14. e3 a4 15. Ncd4 axb3 16. axb3 Ra2 17. Ba1 Bg4 18. Rc2 Rfa8 19. Rxa2 Rxa2 20. h3 Bh5 21. g4 Bg6 22. h4 h6 23. h5 Bh7 24. Qc1 Qa5 25. Bb2 Nb4 {0-1 Lang,K (1963)-Vaupot,K (1770) 43rd St Veit Open 2024 (7.27)}) 11... Qe7 12. e3 Rfd8 13. Nb5 $146 ({RR} 13. Ne2 Rac8 14. Ned4 Bg4 15. h3 Bh5 16. Rc1 Bb6 17. Nf5 Qe6 18. g4 Bg6 19. N3d4 Qd7 20. Nxc6 bxc6 21. Nxg7 Ne4 22. Bxe4 dxe4 23. Qxd7 Rxd7 24. Rfd1 Rd3 25. Kf1 Kf8 26. Ke2 Ke7 27. Nf5+ Bxf5 {1-0 Calotescu,A (2273)-Fridthjofsdottir,S (1963) EU-chT (Women) 15th 2005 (1)}) 13... Rac8 14. Rc1 Ne4 15. Nbd4 Bg4 16. h3 Bxd4 17. Bxd4 Bh5 18. Bb2 h6 19. a3 Qd6 20. b4 a6 21. g4 Bg6 22. Qb3 b5 23. Rfd1 Qe6 24. Ba1 f6 25. Nh4 Bf7 26. Nf5 Kh8 27. Bxe4 dxe4 28. Qxe6 Rxd1+ 29. Rxd1 Bxe6 30. Ng3 a5 31. bxa5 Nxa5 32. Nxe4 Nc4 33. Nd6 Nxd6 34. Rxd6 Rc1+ 35. Kg2 Rxa1 36. Rxe6 Rxa3 37. Rb6 Rb3 38. Kf3 Rb2 39. Kg3 b4 40. h4 Rb1 41. Kf4 b3 42. Kf5 Kh7 43. h5 Rf1 44. f4 Rb1 45. e4 Rb2 46. Rb7 Rb1 47. Rb4 Rb2 48. e5 fxe5 49. fxe5 Rf2+ 50. Ke6 Rb2 51. Ke7 Rb1 52. e6 b2 53. Rb8 g6 54. Rb7 Kg7 55. Ke8+ Kf6 56. e7 Kg7 57. Kd8 Rd1+ 58. Kc8 Rc1+ 59. Kb8 Kf7 60. hxg6+ Kf6 61. e8=Q b1=Q 62. Rxb1 Rxb1+ 63. Kc7 Rc1+ 64. Kd6 Rd1+ 65. Kc5 Rc1+ 66. Kd4 Rd1+ 67. Kc3 Rc1+ 68. Kd2 Rg1 69. Qf7+ Ke5 70. g7 1-0

[Event "Olympiad Women 2024"]
[Site "Budapest HUN"]
[Date "2024.09.21"]
[Round "10.35"]
[Board "3"]
[White "Tolibova, Dilola"]
[Black "Mahmutbegovic Smajilbasic, Nadina"]
[Result "1/2-1/2"]
[WhiteElo "1831"]
[BlackElo "1973"]
[PlyCount "128"]
[EventDate "2024.09.11"]
[WhiteTeam "Tajikistan"]
[BlackTeam "Bosnia & Herzegovina"]
[WhiteTeamCountry "TJK"]
[BlackTeamCountry "BIH"]

1. e4 e5 2. Nf3 Nc6 3. Bc4 Nf6 4. d3 h6 5. Nc3 Bc5 6. h3 d6 7. Na4 Bb4+ 8. c3 Ba5 9. b4 Bb6 10. Nxb6 ({RR} 10. O-O O-O 11. Nxb6 axb6 12. a4 Be6 13. Bxe6 fxe6 14. Be3 Qe8 15. b5 Ne7 16. d4 Ng6 17. dxe5 dxe5 18. Qc2 Nh5 19. Nd2 Ngf4 20. Kh2 Qg6 21. g3 Ne2 22. g4 Nf6 23. f3 Nf4 24. Nc4 Qg5 {1-0 Garcia Martin,M (2342)-Lazarne Vajda,S (2283) European Women Blitz 2023 2024 (6.4)}) 10... axb6 11. Bb5 $146 ({RR} 11. O-O O-O 12. Nh2 d5 13. exd5 Nxd5 14. Bd2 Be6 15. Nf3 Qf6 16. Qe2 Nf4 17. Bxf4 exf4 18. Bxe6 fxe6 19. d4 Ra3 20. Qc4 Kh8 21. Rfe1 Re8 22. Re4 Re7 23. Rae1 Nd8 24. Ne5 c6 25. Rxf4 Qg5 {1-0 Schaad,M-Wehner,M Karl Mala Memorial op 04th 2000 (2)}) ({RR} 11. Be3 Be6 12. Bb3 Bxb3 13. Qxb3 O-O 14. O-O Na7 15. b5 c5 16. bxc6 bxc6 17. Bxb6 Qd7 18. Be3 Rab8 19. Qd1 Rfe8 20. Nh4 d5 21. exd5 cxd5 22. f4 exf4 23. Bxf4 Rbc8 24. Bd2 Rc6 25. Qf3 Kh7 {1-0 Pavlic,P (1566)-Kroselj,L (1500) SLO-ch U12 Girls 2009 (4)}) ({RR} 11. Be3 Be6 12. Bb3 O-O 13. O-O Ra3 14. Qc2 Qd7 15. Nd2 b5 16. Qb2 Rfa8 17. Rfd1 b6 18. Nf1 Qc8 19. Rdb1 Qa6 20. Bc1 Qc8 21. Qxa3 Rxa3 22. Bxa3 Bxh3 23. gxh3 Qxh3 24. Ne3 Nh5 25. Bd1 Nf4 {1-0 Dittmann,T (1757)-Feyer,L (1765) GER-chT U16 Magdeburg 2014 (4.2)}) 11... O-O 12. Bxc6 bxc6 13. O-O b5 14. Be3 Ra4 15. Nd2 Be6 16. Nb3 Nh7 17. Na5 Rxa2 18. Rxa2 Bxa2 19. Qa1 Be6 20. Nxc6 Qd7 21. Qa6 f5 22. f3 f4 23. Bd2 Qe8 24. Qb7 Bd7 25. Na5 Qg6 26. Nc6 Kh8 27. Ne7 Qg5 28. Nf5 Bxf5 29. exf5 Qxf5 30. Qxb5 Ng5 31. Ra1 Ne6 32. Be1 Qg6 33. Bh4 Qf7 34. Qd5 Kh7 35. Bf2 Qd7 36. b5 Rb8 37. c4 Qe8 38. Re1 Qg6 39. d4 Nxd4 40. Bxd4 exd4 41. Qxd4 Qf7 42. Qe4+ Kg8 43. Qc6 Kf8 44. Ra1 Qe7 45. Kh2 Re8 46. Qd5 Qe5 47. Qxe5 Rxe5 48. Rd1 Kf7 49. Rd4 g5 50. h4 Ke6 51. Kh3 Re2 52. g3 fxg3 53. Kxg3 Ke5 54. Rd5+ Kf6 55. hxg5+ hxg5 56. c5 dxc5 57. Rxc5 Rb2 58. f4 gxf4+ 59. Kxf4 Rb4+ 60. Ke3 Ke6 61. Kd3 Kd6 62. Rh5 Rb1 63. Kc4 Rc1+ 64. Kb4 Rb1+ 1/2-1/2

[Event "Olympiad Women 2024"]
[Site "Budapest HUN"]
[Date "2024.09.21"]
[Round "10.35"]
[Board "4"]
[White "Mimic, Sofija"]
[Black "Mashabova, Shukrona"]
[Result "1/2-1/2"]
[WhiteElo "1809"]
[BlackElo "1711"]
[PlyCount "182"]
[EventDate "2024.09.11"]
[WhiteTeam "Bosnia & Herzegovina"]
[BlackTeam "Tajikistan"]
[WhiteTeamCountry "BIH"]
[BlackTeamCountry "TJK"]

1. e4 e5 2. Nf3 Nc6 3. Bb5 a6 4. Ba4 Bc5 5. c3 Nf6 6. O-O O-O 7. d4 exd4 8. cxd4 Be7 ({RR} 8... Ba7 9. e5 Nd5 10. Bb3 Nce7 11. Bg5 c6 12. Bxd5 cxd5 13. Nc3 b5 14. Nxd5 Re8 15. Nxe7+ Rxe7 16. d5 d6 17. exd6 Qxd6 18. Bxe7 Qxe7 19. Re1 Qd8 20. Ne5 Bb7 21. Nc6 Bxc6 22. dxc6 Qb6 23. Qf3 {1-0 Karpov,A (2710)-Garcia del Prado,B Besancon sim 1999}) 9. d5 Na7 ({RR} 9... b5 10. dxc6 bxa4 11. Qxa4 dxc6 12. Qxc6 Rb8 13. Nc3 Rb6 14. Qa4 Bb7 15. a3 Qc8 16. Qc2 Qg4 17. Nd2 Bc5 18. Qd3 Re8 19. Qg3 Qxg3 20. hxg3 Nxe4 21. Ndxe4 Bxe4 22. Na4 Rb5 23. Nxc5 Rxc5 24. Be3 {½-½ Babashov,D (1915)-Sydykova,M (1711) Moscow RGGU-ch 10th 2021 (3)}) 10. e5 Ne8 11. Re1 $146 ({RR} 11. Nc3 d6 12. Re1 dxe5 13. Nxe5 Nd6 14. Bc2 Nab5 15. Nxb5 axb5 16. Qf3 h6 17. Bd2 Ra6 18. a3 Bg5 19. Bb4 Qf6 20. Qxf6 Bxf6 21. Bd3 Rd8 22. Rac1 Bf5 23. Bxf5 Nxf5 24. Rxc7 Rxd5 25. Nxf7 Bxb2 {0-1 Sicora,C (1943)-Herrmann,E (1855) Berlin-ch qualification 2012 (5.17)}) ({RR} 11. Nc3 d6 12. Bf4 dxe5 13. Bxe5 Bg4 14. Qd3 Bxf3 15. Qxf3 Bd6 16. Bd4 Qh4 17. Rfd1 Qxh2+ 18. Kf1 Qf4 19. Qh3 Nf6 20. Ne2 Qg4 21. Qd3 Qg6 22. Qd2 Ng4 23. Nf4 Nh2+ 24. Ke2 Rae8+ 25. Be3 Bxf4 {0-1 Chiara,V (1348)-Schwandl,H (1431) AUS-ch Minor 2013 (8)}) ({RR} 11. Nc3 d6 12. Bf4 dxe5 13. Bxe5 Nf6 14. Rc1 b5 15. Bb3 b4 16. Nd2 Nb5 17. Nce4 Ng4 18. Bg3 {1-0 Lunga,O (1790)-Dobronravova,I (1899) Omsk op 06 2014 (4)}) 11... g6 12. Bh6 Ng7 13. Nc3 b5 14. Bb3 Bb7 15. Ne4 Nc8 16. Nfg5 Nb6 17. Rc1 a5 18. a3 Rc8 19. Qd3 d6 20. Qh3 Nh5 21. Qf3 dxe5 22. d6 Bxg5 23. Bxg5 Bxe4 24. Bxd8 Bxf3 25. Bxc7 Bg4 26. Bxb6 a4 27. Ba2 Bd7 28. Rc7 Nf6 29. Rxe5 Ne8 30. Rxc8 Bxc8 31. Bc5 Nf6 32. Re7 Nd7 33. Bd4 Nb8 34. Bd5 Be6 35. Bxe6 fxe6 36. Rxe6 Nc6 37. Bc3 Rd8 38. Bf6 Kf7 39. Bxd8 Kxe6 40. Bc7 Ne5 41. d7 Nxd7 42. Kf1 Nc5 43. Ke2 Kd5 44. Bb6 Ne6 45. Be3 Kc4 46. Kd2 Kb3 47. Kc1 Nc7 48. g4 Nd5 49. Bd2 Nb6 50. Be3 Nd5 51. Bd4 b4 52. Bc5 bxa3 53. Bxa3 Nb6 54. Bc5 Nc4 55. Bd4 a3 56. bxa3 Nxa3 57. Kd2 Kc4 58. Bg7 Kd5 59. Ke3 Ke6 60. Kf4 Kf7 61. Bc3 Nb5 62. Bb2 Nd6 63. Be5 Nc4 64. Ba1 h6 65. h4 Nd6 66. f3 Ke6 67. Bb2 Nf7 68. h5 g5+ 69. Ke4 Nd6+ 70. Kd4 Nf7 71. Ba3 Kf6 72. Kd5 Nd8 73. Bb2+ Kf7 74. Ke5 Ne6 75. Kf5 Nf4 76. Be5 Ne6 77. f4 gxf4 78. Bxf4 Nxf4 79. Kxf4 Kf6 80. Kf3 Kg5 81. Kg3 Kf6 82. Kf4 Ke6 83. Ke4 Kf6 84. Ke3 Kg5 85. Kf3 Kf6 86. Kg3 Kg5 87. Kh3 Kf6 88. Kh4 Ke6 89. g5 hxg5+ 90. Kxg5 Kf7 91. Kh6 Kg8 1/2-1/2

[Event "Olympiad Women 2024"]
[Site "Budapest HUN"]
[Date "2024.09.21"]
[Round "10.36"]
[Board "1"]
[White "Rouda Essa, Alserkal"]
[Black "Partac, Elena"]
[Result "1-0"]
[WhiteElo "2036"]
[BlackElo "2078"]
[PlyCount "85"]
[EventDate "2024.09.11"]
[WhiteTeam "United Arab Emirates"]
[BlackTeam "Moldova"]
[WhiteTeamCountry "UAE"]
[BlackTeamCountry "MDA"]

1. e4 c5 2. Nf3 e6 3. c3 Nf6 4. e5 Nd5 5. d4 cxd4 6. cxd4 b6 7. Bd3 Bb7 8. O-O Be7 9. Re1 ({RR} 9. Nbd2 f5 10. exf6 Nxf6 11. Qe2 O-O 12. Ne4 Nc6 13. Bd2 Nb4 14. Nxf6+ Rxf6 15. Bxb4 Bxf3 16. Bxe7 Bxe2 17. Bxd8 Bxf1 18. Bxh7+ Kxh7 19. Bxf6 Bxg2 20. Kxg2 gxf6 21. Rc1 Kg6 22. d5 exd5 23. Rd1 Kf5 {½-½ Dambacher,M (2480)-Zherebukh,Y (2629) Haarlem BDO-A 2012 (7)}) ({RR} 9. Qe2 d6 10. exd6 Qxd6 11. Nc3 Nxc3 12. bxc3 Nd7 13. a4 Qc7 14. c4 O-O 15. Bb2 Bf6 16. Rfd1 Rfd8 17. a5 Nf8 18. axb6 axb6 19. Rxa8 Bxa8 20. Ne5 Ng6 21. Nxg6 hxg6 22. Bb1 Qc6 23. f3 Qc7 {½-½ Zou,C (2449)-Shimanov,A (2578) Titled Tue 12th Mar Late 2024 (3)}) 9... O-O 10. Be4 $146 ({RR} 10. Nc3 Nxc3 11. bxc3 d6 12. exd6 Qxd6 13. Ne5 g6 14. Qg4 Bf6 15. Bh6 Bg7 16. Bxg7 Kxg7 17. Bxg6 fxg6 18. Nxg6 Rf6 19. Nf4+ Kh8 20. Nxe6 Rg6 21. Ng5 Qd7 22. Qh5 Nc6 23. d5 Na5 24. Re5 Nc4 {½-½ Haarr,J (2110)-Thomassen,J (2300) Arctic Chess Challenge 2009 (6)}) ({RR} 10. Nc3 Nxc3 11. bxc3 d6 12. Bf4 dxe5 13. Nxe5 Nd7 14. Qh5 Nf6 15. Qh3 Rc8 16. Bg5 g6 17. Bh6 Rxc3 18. Bxf8 Bxf8 19. Qe3 b5 20. Rac1 Nd5 21. Qf3 Qc7 22. Rxc3 Nxc3 23. Qe3 b4 24. Bc4 Nd5 {½-½ Nohr,F (2136)-Schjelderup,N Politiken Cup 25th 2003 (1)}) ({RR} 10. a3 f5 11. Nbd2 Ba6 12. Bxa6 Nxa6 13. Qa4 Nac7 14. Nf1 a5 15. Bd2 g5 16. Rec1 Rf7 17. Rc2 f4 18. Rac1 Ne8 19. Rc4 Ng7 20. Qc2 Nf5 21. Qe4 Qf8 22. Be1 h5 23. N3d2 Rg7 24. Nb1 b5 {1-0 Kiesel,H (2151)-Hermannsdoerfer,F (2203) Oberliga Ost-A 0001 2000 (4.4)}) 10... Qc8 11. Bg5 f6 12. Bh4 Nf4 13. Nbd2 Nc6 14. Rc1 Qd8 15. Bg3 f5 16. Bxc6 Bxc6 17. Bxf4 g5 18. Rxc6 dxc6 19. Qb3 Kf7 20. d5 cxd5 21. Nd4 gxf4 22. Qh3 Bh4 23. N2f3 Rc8 24. Nxh4 Qe7 25. Nhf3 Kg8 26. Qh6 Rfe8 27. Ng5 Qg7 28. Qxg7+ Kxg7 29. Ngxe6+ Kf7 30. Ng5+ Kg6 31. Ngf3 Rc4 32. h3 Rec8 33. Nh4+ Kg5 34. Nhxf5 Rc1 35. h4+ Kg6 36. Kf1 Rxe1+ 37. Kxe1 Rc1+ 38. Kd2 Rf1 39. Ke2 Rb1 40. e6 Rxb2+ 41. Kf3 Rxa2 42. e7 Kf7 43. Nb5 1-0

[Event "Olympiad Women 2024"]
[Site "Budapest HUN"]
[Date "2024.09.21"]
[Round "10.36"]
[Board "2"]
[White "Verbin, Valentina"]
[Black "Al Maamari, Wafia Darwish"]
[Result "1-0"]
[WhiteElo "2071"]
[BlackElo "1908"]
[PlyCount "49"]
[EventDate "2024.09.11"]
[WhiteTeam "Moldova"]
[BlackTeam "United Arab Emirates"]
[WhiteTeamCountry "MDA"]
[BlackTeamCountry "UAE"]

1. d4 Nf6 2. c4 e6 3. Nf3 Bb4+ 4. Nbd2 b6 5. g3 Bb7 6. Bg2 O-O 7. O-O Bxd2 8. Qxd2 d6 9. b3 Nbd7 10. Bb2 Ne4 11. Qc2 f5 12. d5 ({RR} 12. Rad1 Qe7 13. d5 e5 14. Nh4 g6 15. Bxe4 fxe4 16. Qxe4 Rae8 17. Ng2 a5 18. Qc2 Bc8 19. e4 Nc5 20. f3 Bd7 21. Rf2 b5 22. cxb5 Bxb5 23. Bc1 Rf7 24. Be3 Na6 25. Qc3 a4 26. Rc1 axb3 {1-0 Mamedov,E (2443)-Ishmukhametov,A (1978) FIDE World Rapid Team 2024 (1.8)}) 12... exd5 13. Nd4 Qe7 $146 ({RR} 13... Qe8 14. cxd5 Bxd5 15. Rad1 Qf7 16. g4 Ng5 17. Nxf5 Bxg2 18. Kxg2 Ne5 19. h3 Ne6 20. f4 Ng6 21. Bxg7 Nexf4+ 22. Kg3 Rae8 23. Bxf8 Rxe2 24. Rd2 Rxd2 25. Qxd2 Kxf8 26. Rxf4 Nxf4 27. Qxf4 {1-0 Pacher,M (2498)-Nayhebaver,M (2417) SVK-chT1E 1516 2015 (6.4)}) 14. cxd5 Bxd5 15. f3 Nef6 16. Nxf5 Qd8 17. e4 Bb7 18. Rad1 Rc8 19. Rfe1 Qe8 20. f4 Ba6 21. e5 dxe5 22. fxe5 Ng4 23. Bc6 Rd8 24. e6 Qh5 25. e7 1-0

[Event "Olympiad Women 2024"]
[Site "Budapest HUN"]
[Date "2024.09.21"]
[Round "10.36"]
[Board "3"]
[White "Mariam, Essa"]
[Black "Bargan, Victoria"]
[Result "1-0"]
[WhiteElo "1779"]
[BlackElo "1941"]
[PlyCount "139"]
[EventDate "2024.09.11"]
[WhiteTeam "United Arab Emirates"]
[BlackTeam "Moldova"]
[WhiteTeamCountry "UAE"]
[BlackTeamCountry "MDA"]

1. e4 c5 2. Nf3 Nc6 3. d4 cxd4 4. Nxd4 Nf6 5. Nc3 e6 6. Bg5 Qa5 7. Bxf6 gxf6 8. Nb3 Qe5 ({RR} 8... Qc7 9. Be2 a6 10. O-O b5 11. f4 Bb7 12. Bh5 Bb4 13. Qd3 Rg8 14. Rad1 Ne7 15. Qd4 Bxc3 16. bxc3 f5 17. Nc5 Bxe4 18. Nxe4 fxe4 19. f5 Nxf5 20. Qf6 Qc5+ 21. Rd4 Qe7 22. Rxf5 exf5 23. Qxf5 {1-0 Velimirovic,D (2500)-Vukic,M (2490) Bor 1985 (4)}) ({RR} 8... Qc7 9. Qd2 h5 10. f4 a6 11. O-O-O b5 12. Bd3 Bb7 13. Rhe1 Na5 14. Kb1 Nc4 15. Bxc4 bxc4 16. Na5 Bb4 17. Nd5 Qxa5 18. Nxb4 Qc7 19. Qc3 Qxf4 20. Qd4 Rd8 21. Qxc4 Qxh2 22. Nd3 Rc8 23. Qd4 {0-1 Nagare Kaivalya Sandip (2085)-Makarian,R (2544) Titled Tue 20th Jun Early 2023 (5)}) 9. Qd2 Bb4 10. O-O-O O-O 11. f4 $146 ({RR} 11. Bd3 a5 12. a4 Na7 13. f4 Qc7 14. Nd4 d6 15. f5 e5 16. Nde2 Kg7 17. Qe3 Rg8 18. Nd5 Qd8 19. Qh3 b5 20. Ng3 bxa4 21. c3 a3 22. Nh5+ Kf8 23. cxb4 axb2+ 24. Kxb2 Rb8 25. Nhxf6 Rxb4+ {1-0 Tuomisto,K (1965)-Moustgaard,A Politiken Cup 29th 2007 (2)}) 11... Bxc3 12. bxc3 Qh5 13. h4 d5 14. g4 Qg6 15. exd5 exd5 16. Bd3 Qg7 17. h5 h6 18. Nd4 Nxd4 19. cxd4 Kh8 20. Qb4 Be6 21. g5 fxg5 22. f5 Bd7 23. Qd6 Rfd8 24. f6 Qf8 25. Qxd5 Bc6 26. Qf5 Qg8 27. Be4 Bxe4 28. Qxe4 Qf8 29. Qe7 Qxe7 30. fxe7 Rd7 31. d5 Rxe7 32. Rhf1 Rd8 33. Kb2 b5 34. a4 b4 35. Kb3 a5 36. Rf6 Red7 37. Kc4 Kg7 38. Ra6 Rc8+ 39. Rc6 Rb8 40. Rf1 Rbd8 41. Rc5 Ra7 42. Kd4 Ra6 43. Rf5 Rdd6 44. Ke5 f6+ 45. Ke4 Ra7 46. Rc6 Rad7 47. Rc5 Ra7 48. Kd4 Kf7 49. Rc8 Rb6 50. Kc5 Rba6 51. Rc6 Rxc6+ 52. dxc6 Ke6 53. Rf2 g4 54. Kb6 Rg7 55. c7 Rg8 56. Kb7 f5 57. Re2+ Kd7 58. Rd2+ Ke7 59. Kc6 Rc8 60. Rd6 g3 61. Rxh6 f4 62. Rg6 Rf8 63. Kb7 f3 64. Rxg3 f2 65. Re3+ Kd6 66. Rd3+ Ke5 67. Rd1 Rf7 68. Rf1 Kd6 69. Rd1+ Ke5 70. Kb8 1-0

[Event "Olympiad Women 2024"]
[Site "Budapest HUN"]
[Date "2024.09.21"]
[Round "10.36"]
[Board "4"]
[White "Petricenco, Ana"]
[Black "Almaamari, Zainab Darwish"]
[Result "1/2-1/2"]
[WhiteElo "1894"]
[BlackElo "1661"]
[PlyCount "112"]
[EventDate "2024.09.11"]
[WhiteTeam "Moldova"]
[BlackTeam "United Arab Emirates"]
[WhiteTeamCountry "MDA"]
[BlackTeamCountry "UAE"]

1. e4 c5 2. Nf3 e6 3. d4 cxd4 4. Nxd4 a6 5. Bd3 Qc7 6. O-O Nf6 7. Qe2 d6 8. c4 Nbd7 9. f4 Be7 10. Nc3 O-O 11. Kh1 b6 12. b4 ({RR} 12. Bd2 Re8 13. Rae1 Nc5 14. e5 Nxd3 15. Qxd3 Nd7 16. exd6 Qxd6 17. Ne4 Qc7 18. f5 Nc5 19. Qf3 Nxe4 20. Qxe4 Bb7 21. Qg4 exf5 22. Nxf5 Bf6 23. b3 Kh8 24. Bf4 Qd7 25. h3 Re6 26. Rxe6 fxe6 {½-½ Adams,M (2715)-Spraggett,K (2560) Olympiad-33 Elista 1998 (6.1)}) 12... d5 $146 ({RR} 12... Bb7 13. Bb2 Rac8 14. Rac1 Rfe8 15. a3 Bf8 16. Nf3 Qb8 17. Nd1 Qa8 18. e5 dxe5 19. fxe5 Ne4 20. Nf2 Nxf2+ 21. Rxf2 Bxf3 22. Rxf3 g6 23. Rcf1 Re7 24. Qf2 f5 25. exf6 Rf7 26. Qc2 g5 27. Bg6 {0-1 Levanovsky,V-Kirpichenkov,S (2078) St Petersburg White Nights op 2005 (6)}) ({RR} 12... Bb7 13. Bb2 Rfe8 14. Rac1 Rac8 15. a3 Qb8 16. g4 Nf8 17. g5 N6d7 18. h4 f6 19. Qf2 Qa8 20. Kg1 Bd8 21. Rce1 b5 22. cxb5 e5 23. fxe5 dxe5 24. Nf5 Bb6 25. Ne3 axb5 26. Kh2 Bc6 27. gxf6 {0-1 Ratsma,R (2226)-Gomes,M (2324) Olympiad Women-44 2022 (10.3)}) ({RR} 12... Bb7 13. Bb2 Rfd8 14. Rf3 Nf8 15. Rg3 Ng6 16. Rf1 d5 17. e5 Ne4 18. Bxe4 dxe4 19. Nc2 Rac8 20. Ne3 Bxb4 21. f5 exf5 22. Rxf5 Rd3 23. Ned5 Bxd5 24. Nxd5 Qxc4 25. Nxb4 Qxb4 26. Rf1 Rcd8 27. Qf2 {0-1 Segal,N (2210)-Efler,L (2290) Pardubice op 1992 (2)}) 13. e5 dxc4 14. Bb1 Bxb4 15. exf6 Bxc3 16. Qc2 Nxf6 17. Qxc3 Bb7 18. Bb2 Nd5 19. Nb5 Nxc3 20. Nxc7 Rac8 21. Bxc3 Rxc7 22. Bc2 f5 23. Kg1 Kf7 24. Rad1 Bd5 25. Bxf5 Bxg2 26. Bxe6+ Kxe6 27. Kxg2 Rf5 28. Rfe1+ Kf7 29. Rd8 Rxf4 30. Be5 Re7 31. Rdd1 Rf5 32. Bd6 Rxe1 33. Rxe1 Rd5 34. Bf4 b5 35. Kf3 a5 36. Ke4 Rd7 37. Rc1 Ke6 38. Rc2 Rd3 39. Bc7 Ra3 40. Kd4 Kd7 41. Be5 Rd3+ 42. Kc5 Ke6 43. Bxg7 Rd5+ 44. Kc6 Rg5 45. Bd4 h5 46. Bc5 b4 47. Rxc4 Rg2 48. Re4+ Kf5 49. Rh4 Kg6 50. Kb5 Rxa2 51. Bb6 b3 52. Bxa5 Rc2 53. Rb4 Rxh2 54. Rxb3 h4 55. Bc7 Rg2 56. Rh3 Kh5 1/2-1/2